| 000 | 01028nam0a22002771 4500 | ||
|---|---|---|---|
| 001 | rc\2195863 | ||
| 005 | 20110829164540.6 | ||
| 035 | _a(NLR Aleph) 006613833 | ||
| 090 |
_a7377353 _c7377353 |
||
| 100 | _a20110829g19781979|||y0rusy50 ca | ||
| 101 | 0 | _arus | |
| 102 | _aRU | ||
| 105 | _aa z ||||| | ||
| 200 | 1 |
_aМетодическое пособие по организации службы войск _fМ-во обороны СССР _g[Принимали участие: полковники Равикович А.А., Шабанов И.Д., подполк. Волчков Г.М. и др.] |
|
| 210 |
_aМосква _cБ. и. _d1978 (вып. дан. 1979) |
||
| 215 |
_a239 с. _cил. _d20 |
||
| 333 | _aДСП. Экз. № 996 | ||
| 702 | 1 |
_aШабанов _bИ. Д. _4220 |
|
| 702 | 1 |
_aВолчков _bГ. М. _4220 |
|
| 702 | 1 |
_aРавикович _bА. А. _4220 |
|
| 801 | 0 |
_aRU _bNLR _gpsbo |
|
| 801 | 1 |
_aRU _bELAR _2rusmarc |
|
| 852 |
_aNLR _j79-50К/1007 |
||
| 899 |
_aRuMoRGB _jВО 708/217 |
||
| 942 | _cBOOK | ||
| 980 | _aNB | ||